000 00635nam a2200205 a 4500
001 BRL_1647
005 20190320211314.0
008 210414s1981----mx-a######---#000-0#spa-#
041 _aspa
044 _amx
050 4 _aF1221.O86
_b.G37 1981
100 1 _aGarcía Tellez, Alfonso
_927528
245 1 0 _aHistoria de una vivienda para hacer una ofrenda al santo Tecuil
_cAlfonso Garcias Tellez.
260 _aSan Pablito, Pahuatlan, Puebla
_b[s.n.]
_c1981
300 _a[22] p.
_bil.
_c18 cm.
500 _aAu1879
650 1 4 _aOtomíes
_xRitos y ceremonias
_zSan Pablito (Pahuatlan: Puebla)
_927529
902 _aGRL
942 _2lcc
_cB
999 _c10456
_d10456